| 000 | 00715nam a2200229 a 4500 | ||
|---|---|---|---|
| 001 | 000018656 | ||
| 005 | 20200929165833.0 | ||
| 008 | 100512s1978 ve r 000 p spa d | ||
| 040 |
_aDO-SdBNP _bspa _cBNPHU |
||
| 082 |
_aV861.44 _bM188h |
||
| 100 | 1 |
_aMagallanes, Manuel Vicente _d1922- _931695 |
|
| 245 | 1 | 0 |
_aHuellas / _cManuel Vicente Magallanes ; prólogo Domingo Miliani. |
| 260 |
_aCaracas : _bMonte Ávila Editores, _c1978. |
||
| 300 |
_a124 [3] p. ; _c19 cm. |
||
| 490 | 1 | _aAlcance | |
| 650 | 4 |
_aPoesía venezolana _94230 |
|
| 650 | 4 |
_aLiteratura venezolana _ySIGLO XX _99777 |
|
| 700 | 1 |
_aMiliani, Domingo _epról. _95169 |
|
| 830 | 0 |
_aAlcance _924769 |
|
| 910 | _aCatalogacion original | ||
| 049 | _aBNGR | ||
| 999 |
_c18176 _d18176 |
||